[Event "Open"]
[Site "Presov SVK"]
[Date "2001.08.16"]
[Round "6"]
[White "Kujovic,M"]
[Black "Barwinski,D"]
[Result "0-1"]
[WhiteElo "2335"]
[BlackElo "2232"]

1.d4 Nf6 2.c4 e6 3.Nf3 b6 4.Nc3 Bb4 5.Bg5 h6 6.Bxf6 Qxf6 7.g3 Bb7 8.Bg2 O-O
9.O-O Bxc3 10.bxc3 d6 11.Nd2 Bxg2 12.Kxg2 e5 13.e3 Qe7 14.Qf3 Nd7 15.Qc6 Rac8
16.e4 Nb8 17.Qb7 a5 18.f4 Qd7 19.fxe5 dxe5 20.Nf3 exd4 21.cxd4 Nc6 22.a3 Rb8
23.Qa6 Nxd4 24.Rad1 c5 25.Rd2 Rfe8 26.Nxd4 cxd4 27.Qb5 Qxb5 28.cxb5 Rxe4
29.Rfd1 Rd8 30.Kf2 Rd6 31.Rd3 Rf6+ 32.Kg1 Rd6 33.Kf2 Kf8 34.a4 Ke7 35.Kf3 f5
36.h4 Ke6 37.Rc1 g5 38.hxg5 hxg5 39.Kf2 Kd5 40.Rf3 Ke5 41.Rd3 Rh6 42.Rc8 f4
43.Rg8 Kf5 44.gxf4 Rxf4+ 45.Ke2 Rh2+ 46.Ke1 Ra2 47.Rg3 g4 48.Rb8 Re4+ 49.Kd1 Kf4
50.Rb3 Re6 51.Rf8+ Ke5 52.Rd8 Rh6 53.Re8+ Kd5  0-1

[Event "Rubinstein Open"]
[Site "Polanica Zdroj POL"]
[Date "2001.08.20"]
[Round "5"]
[White "Malakhatko,V"]
[Black "Abbasov,F"]
[Result "0-1"]
[WhiteElo "2557"]
[BlackElo "2426"]

1.d4 Nf6 2.c4 e6 3.Nf3 b6 4.Nc3 Bb4 5.Bg5 O-O 6.Nd2 Bb7 7.f3 c5 8.a3 Bxc3
9.bxc3 d6 10.e4 Nbd7 11.Bd3 Qc7 12.O-O h6 13.Be3 e5 14.d5 Rfe8 15.a4 a5 16.g3 Re7
17.Rf2 Rae8 18.Nf1 Nh7 19.Bc1 Ndf8 20.Ne3 Bc8 21.h4 Bd7 22.Bd2 Kh8 23.Kh1 Nf6
24.Qc2 Rb8 25.Rg1 Qd8 26.Qd1 Ng8 27.Bc2 Re8 28.Rh2 Ng6 29.Qf1 Re7 30.f4 exf4
31.gxf4 Nf8 32.Qg2 f6 33.Qf3 Qe8 34.Rhg2 Rf7 35.Ra1 Rb7 36.f5 Bc8 37.Rg3 Nd7
38.Ng2 Ne5 39.Qf1 Ra7 40.Bd1 Rfe7 41.Nf4 Ba6 42.Be2 Rab7 43.Ne6 Ra7 44.Bf4 Rab7
45.Qg2 Ra7 46.Rg1 Qd7 47.Bxe5 fxe5 48.Rg6 Rf7 49.Qh3 Qxa4 50.Qe3 Bc8 51.f6 Bxe6
52.fxg7+ Rxg7 53.dxe6 Rxg6 54.Rxg6 Qe8 55.Bh5 Qf8 56.Rg1 Qf6 57.Bf7 Qxh4+
58.Kg2 Qg5+ 59.Qxg5 hxg5 60.Kf3 Nh6 61.Be8 a4 62.e7 Rxe7 63.Bxa4 Rf7+  0-1

[Event "10th Open"]
[Site "Kavala GRE"]
[Date "2001.08.23"]
[Round "3"]
[White "Halkias,S"]
[Black "Asik,J"]
[Result "1-0"]
[WhiteElo "2505"]
[BlackElo "2299"]

1.d4 e6 2.Nf3 Nf6 3.c4 b6 4.Nc3 Bb7 5.Bg5 Be7 6.Qc2 c5 7.dxc5 bxc5 8.e3 Nc6
9.Rd1 Qa5 10.Be2 O-O 11.O-O Rfd8 12.a3 a6 13.Rd2 d6 14.Rfd1 Qc7 15.Bf4 Rab8
16.Ng5 h6 17.Nge4 Nxe4 18.Nxe4 Ne5 19.f3 f5 20.Nf2 Bf6 21.e4 g6 22.Bxh6 Ba8
23.Bf4 Rb6 24.exf5 gxf5 25.Be3 Qg7 26.Kh1 Ng6 27.b4 Nh4 28.Rg1 Rbb8 29.Nd3 e5
30.bxc5 e4 31.Nf4 Rb2 32.Qc1 Rxd2 33.Bxd2 Be5 34.Ne6 Qh8 35.f4 Bb2 36.Qe1 Rd7
37.Qg3+ Kf7 38.Ng5+ Ke8 39.cxd6 Rxd6 40.Bb4 Rd7 41.Qh3 Bf6 42.Rb1 Bb7 43.Be1  1-0

[Event "Ron Banwell Masters"]
[Site "London ENG"]
[Date "2001.08.23"]
[Round "6"]
[White "Ravi,L"]
[Black "Batyrov,S"]
[Result "1/2-1/2"]
[WhiteElo "2389"]
[BlackElo "2402"]

1.d4 Nf6 2.c4 e6 3.Nf3 b6 4.Nc3 Bb7 5.a3 d5 6.Bg5 Be7 7.Qa4+ c6 8.cxd5 exd5
9.g3 O-O 10.Bg2 a5 11.O-O Na6 12.Ne5 b5 13.Qc2 Nd7 14.Bxe7 Qxe7 15.Nxd7 Qxd7
16.Rfd1 f5 17.e3 Nc7 18.Ne2 Ne6 19.Nc1 Rf6 20.Nd3 Qd6 21.Rac1 a4 22.Qc3 Rf7
23.Qb4 Qxb4 24.Nxb4 Rc7 25.h4 Kf7 26.Bh3 g6 27.Kf1 Ke7 28.Ke2 Kd6 29.Bg2 Re8
30.Rc3 Bc8 31.Kf1 Bd7 32.Rdc1 Rec8 33.Bf3 Rf8 34.Nd3 Rf7 35.Ke2 Rc8 36.Kd2 Nd8
37.Be2 Nb7 38.Nc5 Nxc5 39.Rxc5 h6 40.Bd3 Rf6 41.Ke2 Rb8 42.Kd2 Rg8 43.Rd1 Rf7
44.Kc3 Rf6 45.Kb4 Re8 46.Rcc1 Re7 47.Bc2 Re8 48.Ra1 Rff8 49.b3 axb3 50.Bxb3 Ra8
51.Ra2 Rfb8 52.Rda1 g5 53.Rh1 Rh8 54.a4 bxa4 55.Rxa4 Raf8 56.Kc3 f4 57.gxf4 gxf4
58.Rg1 fxe3 59.Rg6+ Be6 60.fxe3 Rfg8 61.Bc2 Rxg6 62.Bxg6 Rf8 63.h5 Bf5 64.Ra7 Bxg6
65.hxg6 Rg8 66.g7 h5 67.Kd3 Ke6 68.Rc7 Kd6 69.Rf7 Ke6 70.Rc7 Kd6 71.Rf7 Ke6  1/2-1/2

[Event "Open"]
[Site "Lisbon POR"]
[Date "2001.08.24"]
[Round "4"]
[White "Mirzoev,A"]
[Black "Nogueira,N"]
[Result "1-0"]
[WhiteElo "2516"]
[BlackElo "2213"]

1.d4 Nf6 2.c4 e6 3.Nf3 b6 4.Nc3 Bb7 5.Qc2 Bb4 6.a3 Bxc3+ 7.Qxc3 d6 8.g3 Nbd7
9.Bg2 O-O 10.O-O a5 11.b3 Qe7 12.Rd1 Rfe8 13.Bb2 Ne4 14.Qc2 Nef6 15.Bh3 Red8
16.Nd2 c5 17.Rac1 Bc6 18.a4 cxd4 19.Bxd4 Nc5 20.Qb2 Rac8 21.Nf1 Ne8 22.f3 Rb8
23.e4 d5 24.cxd5 exd5 25.e5 Bd7 26.Bg2 Nc7 27.Ne3 Bc8 28.f4 Bb7 29.f5 Qg5
30.Qf2 N7a6 31.h4 Qh6 32.Ng4 Qc6 33.Qf4 Nb4 34.Qg5 h6 35.Qh5 Qe8 36.f6 g6
37.Qxh6 Qf8 38.Qe3 Rbc8 39.h5 Ne6 40.hxg6 fxg6 41.Bxb6 Rxc1 42.Rxc1 Rc8 43.f7+ Kh7
44.Rxc8 Bxc8 45.Bxa5 Nc2 46.Qd2 Qc5+ 47.Kh2 Kg7 48.Qxd5 Ne3 49.f8=Q+ Qxf8
50.Nxe3 Nf4 51.Qd8  1-0

[Event "Open"]
[Site "Andorra AND"]
[Date "2001.08.30"]
[Round "1"]
[White "Porat,D"]
[Black "Jaracz,P"]
[Result "0-1"]
[WhiteElo "2091"]
[BlackElo "2484"]

1.d4 Nf6 2.c4 e6 3.Nf3 b6 4.Nc3 Bb4 5.Qc2 Bb7 6.a3 Bxc3+ 7.Qxc3 O-O 8.b3 d6
9.g3 c5 10.Bg2 Nbd7 11.O-O Rc8 12.b4 Qe7 13.Bb2 a6 14.Rad1 d5 15.dxc5 bxc5
16.cxd5 Bxd5 17.Ne5 Bxg2 18.Kxg2 Nxe5 19.Qxe5 cxb4 20.axb4 Qxb4 21.Rd6 Rc4
22.f3 Rc2 23.Ba1 Rxe2+ 24.Qxe2 Qxd6 25.Rd1 Nd5 26.Rd3 Rc8 27.f4 Qc6 28.Kg1 Qb5
29.Qd1 Rc4 30.Rb3 Qc5+  0-1

[Event "ADCF Masters"]
[Site "Abu Dhabi UAE"]
[Date "2001.09.01"]
[Round "7"]
[White "Safin,S"]
[Black "Zagrebelny,S"]
[Result "1/2-1/2"]
[WhiteElo "2529"]
[BlackElo "2466"]

1.d4 Nf6 2.c4 e6 3.Nf3 b6 4.Nc3 Bb7 5.Bg5 h6 6.Bh4 Be7 7.e3 Ne4 8.Bxe7 Qxe7
9.Qc2 Nxc3 10.Qxc3 d6 11.Be2 Nd7 12.O-O-O O-O-O 13.Ne1 e5 14.d5 f5 15.Nc2 Kb8
16.f3 Nf6 17.Rd2 Rc8 18.Qa3 c6 19.dxc6 Rxc6 20.Rhd1 Rd8 21.Kb1 Rc5 22.Nb4 a5
23.Nd3 Rcc8 24.Ne1 Rc6 25.Nc2 Qc7 26.Qd3 g6 27.Na3 Ba6 28.g4 e4 29.Qd4 d5
30.gxf5 gxf5 31.Nb5 Bxb5 32.cxb5 Re6 33.Rc1 Qe5 34.Qxe5+ Rxe5 35.Rc6 exf3
36.Rxb6+ Ka7 37.Ra6+ Kb7 38.Bxf3 Rxe3 39.Rxf6 Rxf3 40.a4 d4 41.Rxh6 d3 42.Rc6 f4
43.Rc4 Rf8 44.Ka2 Re3 45.Rc1 f3 46.Rf1 Rf4 47.Kb3 Kb6 48.Kc3 Rxa4 49.Rxd3 Rxd3+
50.Kxd3 Rh4 51.Rf2 Kxb5 52.Ke3 Rh3 53.Kf4 Kc4 54.Kg4 Rh8 55.h4 Kb3 56.h5 a4
57.Kh4 Rh7 58.Kg5 Rg7+ 59.Kf4 Rh7 60.Kg4 Rh8 61.Rh2 Rf8 62.Kg3 Rf6 63.Rf2 Rh6
64.Kg4 Rh8  1/2-1/2

[Event "TCh-YUG Women's Cup"]
[Site "Herceg Novi YUG"]
[Date "2001.09.03"]
[Round "1"]
[White "Benderac,A"]
[Black "Bojkovic,N"]
[Result "1/2-1/2"]
[WhiteElo "2276"]
[BlackElo "2452"]

1.d4 Nf6 2.c4 e6 3.Nf3 b6 4.Nc3 Bb7 5.e3 d5 6.Bd3 Bd6 7.O-O O-O 8.cxd5 exd5
9.Nb5 Be7 10.b3 a6 11.Nc3 Bd6 12.Ne5 c5 13.Bb2 Nc6 14.Ne2 Re8 15.Nxc6 Bxc6
16.Ng3 Bf8 17.Rc1 Bd7 18.dxc5 bxc5 19.Bxf6 Qxf6 20.Qh5 g6 21.Qxd5 Bc6 22.Qc4 Qe5
23.Qc3 Qd5 24.e4 Qd8 25.Bc4 Bg7  1/2-1/2

[Event "III Sants Hostafrancs Open"]
[Site "Barcelona ESP"]
[Date "2001.09.05"]
[Round "5"]
[White "Oms Pallise,J"]
[Black "Rios,Al"]
[Result "1-0"]
[WhiteElo "2424"]
[BlackElo "2337"]

1.d4 Nf6 2.c4 e6 3.Nf3 b6 4.Nc3 Bb4 5.Qc2 Bb7 6.a3 Bxc3+ 7.Qxc3 Ne4 8.Qc2 O-O
9.e3 f5 10.Bd3 d6 11.O-O Nd7 12.Nd2 Ndf6 13.f3 Nxd2 14.Bxd2 c5 15.b4 Qc7
16.Qb2 Nd7 17.Rfe1 Rae8 18.Bf1 Rf6 19.Bc3 Rg6 20.Qf2 Rh6 21.Rad1 d5 22.Qg3 Qc8
23.cxd5 Rg6 24.Qf2 cxb4 25.Bxb4 exd5 26.Rc1 Rc6 27.Qd2 a5 28.Bd6 Re6 29.Rxc6 Qxc6
30.Bf4 Qa4 31.Qb2 Bc6 32.Bd3 g6 33.Rc1 Kf7 34.h4 Ke8 35.Kh2 h5 36.Rc3 Kd8
37.Rb3 Ke8 38.Rc3 Kd8 39.Qc1 Ke8 40.Bc2 Qb5 41.a4 Qb4 42.Bxf5 gxf5 43.Rxc6  1-0

[Event "3rd Open"]
[Site "Glyfada GRE"]
[Date "2001.09.05"]
[Round "6"]
[White "Moutousis,K"]
[Black "Nikolaidis,I"]
[Result "0-1"]
[WhiteElo "2448"]
[BlackElo "2531"]

1.d4 Nf6 2.c4 e6 3.Nf3 b6 4.Nc3 Bb4 5.Bg5 h6 6.Bh4 Bb7 7.Nd2 c5 8.a3 cxd4
9.axb4 dxc3 10.bxc3 O-O 11.f3 d5 12.e3 a5 13.bxa5 bxa5 14.Be2 Nbd7 15.cxd5 exd5
16.O-O Qe7 17.Bf2 Ne5 18.Ra4 Bc6 19.Rd4 a4 20.Qa1 Rfb8 21.Rb1 Rxb1+ 22.Nxb1 Rb8
23.Na3 Nfd7 24.Nc2 Nc5 25.Rb4 Ra8 26.Qa3 Qe8 27.Rd4 Nb3 28.Rb4 Na5 29.Qa2 Nb3
30.Nd4 Nc1 31.Qc2 Nxe2+ 32.Qxe2 a3 33.Qa2 Nd3 34.Rb1 Rb8 35.Rf1 Nxf2 36.Rxf2 Qxe3
37.Nc2 Qc1+ 38.Rf1 Qd2 39.Nb4 Qxa2 40.Nxa2 Rb2 41.Ra1 d4 42.cxd4 Bd5 43.Nc3 a2
44.h4 Rb3 45.Nxa2 Ra3 46.Rc1 Bxa2 47.Kf2 Rd3 48.Rc8+ Kh7 49.Rd8 Rd2+ 50.Kg3 g5
51.hxg5 hxg5 52.Rd6 Kg7  0-1

[Event "III Sants Hostafrancs Open"]
[Site "Barcelona ESP"]
[Date "2001.09.06"]
[Round "6"]
[White "Mirzoev,A"]
[Black "Oms Pallise,J"]
[Result "1-0"]
[WhiteElo "2516"]
[BlackElo "2424"]

1.d4 Nf6 2.Nf3 e6 3.c4 b6 4.Nc3 Bb7 5.Bg5 Be7 6.Qc2 c5 7.e4 cxd4 8.Nxd4 a6
9.Be2 d6 10.O-O Nbd7 11.Rfd1 O-O 12.f3 Qc7 13.Rac1 Rac8 14.Qd2 Qb8 15.Kh1 Rfe8
16.b3 Bd8 17.Bf1 Bc7 18.Nde2 Kh8 19.Ng3 h6 20.Be3 Red8 21.Rc2 Kh7 22.Qf2 Re8
23.Bd4 Bc6 24.a4 Bd8 25.Rcc1 Be7 26.Qb2 Kg8 27.Nge2 Ne5 28.Bf2 Ba8 29.Nd4 Nfd7
30.Qa3 Nc6 31.Nxc6 Rxc6 32.Bd4 Ne5 33.Qa1 Bf8 34.Qb2 Rcc8 35.h3 Nc6 36.Be3 Nb4
37.Qf2 Rc6 38.Be2 Be7 39.f4 Bd8 40.f5 Bf6 41.fxe6 fxe6 42.Bxh6 Rf8 43.Qg3 Be5
44.Qg4 d5 45.Be3 Rd6 46.c5 Rc6 47.exd5 Nxd5 48.Nxd5 exd5 49.cxb6 Rxc1 50.Rxc1 Qd6
51.Bd3 d4 52.Bc4+  1-0

[Event "TCh-CRO"]
[Site "Pula CRO"]
[Date "2001.09.10"]
[Round "1"]
[White "Pinter,J"]
[Black "Shariyazdanov,A"]
[Result "1-0"]
[WhiteElo "2550"]
[BlackElo "2582"]

1.d4 Nf6 2.c4 e6 3.Nf3 b6 4.Nc3 Bb4 5.Bg5 Bb7 6.e3 h6 7.Bh4 Bxc3+ 8.bxc3 d6
9.Nd2 g5 10.Bg3 Qe7 11.f3 Nbd7 12.Qa4 e5 13.e4 c5 14.dxe5 dxe5 15.Be2 Nh5
16.Nf1 f5 17.exf5 O-O 18.O-O-O Ndf6 19.Ne3 Nf4 20.Rhe1 e4 21.Qc2 Rad8 22.Nd5 Bxd5
23.cxd5 e3 24.d6 Qe5 25.Bc4+ Kg7 26.Rd3 e2 27.Rd2 Qe3 28.Kb2 b5 29.Rexe2 Nxe2
30.Rxe2 Qg1 31.Re7+ Kh8 32.Bf7 b4 33.Qe2 bxc3+ 34.Kc2  1-0

[Event "TCh-CRO Women"]
[Site "Pula CRO"]
[Date "2001.09.14"]
[Round "5"]
[White "Trtanj,T"]
[Black "Medic,Mir"]
[Result "1/2-1/2"]
[WhiteElo "2167"]
[BlackElo "2278"]

1.d4 Nf6 2.Nf3 e6 3.c4 b6 4.Nc3 Bb7 5.Bg5 d5 6.e3 Be7 7.cxd5 exd5 8.Bd3 O-O
9.O-O Nbd7 10.Rc1 Re8 11.Bxf6 Nxf6 12.Ne5 c5 13.Bb5 Rf8 14.Bc6 Qc8 15.Bxb7 Qxb7
16.dxc5 bxc5 17.Rc2 Rfd8 18.Qf3 Bd6 19.Nc4 Rab8 20.Nxd6 Rxd6 21.Rd1 Qc6 22.Rcd2 Rbd8
23.Qf4 R6d7 24.Qa4 Qe6 25.Qb5 Qb6 26.a4 h6 27.a5 Qxb5 28.Nxb5 Rb8 29.Nc3 Rb4
30.Nxd5 Rxd5 31.Rxd5 Nxd5 32.Rxd5 Rxb2 33.g3 c4 34.Rc5 Ra2 35.Rxc4 Rxa5 36.Kg2 g6
37.h4 h5 38.Kf3 Ra2 39.g4 hxg4+ 40.Rxg4 Kh7 41.Rg5 Kh6 42.e4 a5 43.Ke3 a4
44.Ra5 a3 45.Ra7 Ra1 46.Ke2 a2 47.Ra5 f6 48.Kf3 g5 49.hxg5+ fxg5 50.Kg2 Kg6
51.Kf3 g4+ 52.Kg2 Kf6 53.Kh2 Ke6 54.Kg2  1/2-1/2

[Event "TCh-FIN 2001-02"]
[Site "FIN"]
[Date "2001.09.22"]
[Round "1"]
[White "Tuominen,M"]
[Black "Saastamoinen,A"]
[Result "0-1"]
[WhiteElo "2138"]
[BlackElo "2185"]

1.Nf3 Nf6 2.c4 b6 3.d4 e6 4.Nc3 Bb7 5.a3 d5 6.e3 a5 7.Be2 Bd6 8.O-O O-O 9.Bd2 Nbd7
10.Rc1 Ne4 11.cxd5 Nxc3 12.Bxc3 exd5 13.Qc2 Qe7 14.Qf5 g6 15.Qh3 f5 16.Bd3 Ba6
17.Bxa6 Rxa6 18.Rfd1 c6 19.a4 b5 20.axb5 cxb5 21.g3 b4 22.Qf1 Rb6 23.Bd2 a4
24.Ra1 Ra8 25.Rdc1 Nf6 26.Qd1 b3 27.Ne5 Qb7 28.Nd3 Rc6 29.Bc3 Ne4 30.Nc5 Bxc5
31.dxc5 Rxc5 32.Bd4 Rc4 33.f3 Ng5 34.h4 Ne6 35.Rxc4 dxc4 36.Bc3 Rd8 37.Qe2 Qb6
38.h5 g5 39.h6 Rd3 40.Rb1 a3 41.Rc1 a2 42.Qe1 Qc5 43.Kf2 f4 44.gxf4 gxf4  0-1

[Event "ECC"]
[Site "Panormo GRE"]
[Date "2001.09.23"]
[Round "1"]
[White "Chernin,A"]
[Black "Berzinsh,R"]
[Result "1-0"]
[WhiteElo "2601"]
[BlackElo "2478"]

1.d4 Nf6 2.c4 e6 3.Nf3 b6 4.Nc3 Bb7 5.a3 d5 6.cxd5 exd5 7.Bf4 Bd6 8.Bg3 O-O
9.e3 Nbd7 10.Bxd6 cxd6 11.Qb3 Qe7 12.Bd3 Rfc8 13.O-O a6 14.Rfc1 g6 15.a4 Rc7
16.Rc2 Kg7 17.Rac1 Rac8 18.Ne1 Qd8 19.Be2 Qe7 20.Nd3 a5 21.Ne1 Qe6 22.Bb5 Nb8
23.Bf1 Nbd7 24.Nb5 Rxc2 25.Rxc2 Rc6 26.Qa3 Ne8 27.b4 axb4 28.Qxb4 Rxc2 29.Nxc2 Qe7
30.Na7 Qd8 31.Qb3 Qa8 32.Nb5 Qa5 33.Nb4 Qa8 34.Qc2 Ndf6 35.f3 Qc8 36.Qxc8 Bxc8
37.g4 g5 38.Na7 Bd7 39.Bb5 Bxb5 40.Nxb5 Kf8 41.Nc6 Ng8 42.Nba7 Ngf6 43.Nc8 Nd7
44.Kf2 Kg7 45.N8e7 Nc7 46.Nb4 Nf6 47.Nf5+ Kg6 48.Nxd6 h5 49.gxh5+ Nxh5 50.Nc8  1-0

[Event "Chigorin Mem Open"]
[Site "St Petersburg RUS"]
[Date "2001.10.01"]
[Round "7"]
[White "Pushkov,N"]
[Black "Biriukov,O"]
[Result "1/2-1/2"]
[WhiteElo "2541"]
[BlackElo "2370"]

1.d4 Nf6 2.Nf3 e6 3.c4 b6 4.Nc3 Bb7 5.a3 d5 6.Bg5 Be7 7.Qa4+ c6 8.Bxf6 Bxf6
9.cxd5 exd5 10.g3 O-O 11.Bg2 Re8 12.O-O Na6 13.Rfe1 Nc7 14.Rad1 c5 15.e4 Ne6
16.e5 Be7 17.Qc2 Qd7 18.h4 h6 19.Rd2 Rad8 20.Qd3 Qc8 21.Kh2 Bf8 22.Bh3 Qb8
23.Ne2 a5 24.h5 Qa7 25.Nf4 c4 26.Qe3 b5 27.Nxe6 fxe6 28.g4 Bc8 29.g5 Qf7
30.Bg4 Be7 31.gxh6 Rf8 32.Rg1 Qf4+ 33.Qxf4 Rxf4 34.hxg7 Kxg7 35.Bxe6+ Kh6
36.Bxc8 Rxc8 37.Rg3 b4 38.axb4 axb4 39.Kg2 c3 40.bxc3 Rxc3 41.Ra2 Ra3 42.Rc2 Rc3
43.Rxc3 bxc3 44.Ne1 Rxd4 45.Rxc3 Kxh5 46.Rc7 Bg5 47.Rd7 Rg4+ 48.Kf1 Kg6 49.Rxd5 Kf5
50.f3 Ke6 51.Rb5 Rd4 52.Ng2 Bf4 53.Nxf4+ Rxf4 54.Kg2 Kf5 55.Kf2 Ra4 56.Ke3 Ra3+
57.Kd4 Ra1 58.Rd5 Re1 59.Ra5 Rd1+ 60.Kc4 Re1 61.Kd4 Rd1+ 62.Ke3 Re1+ 63.Kf2 Rxe5
64.Ra8 Rb5 65.Kg3 Rb4 66.Rf8+ Kg6 67.Rc8 Kf6 68.Rc6+ Kf5 69.Ra6 Rc4 70.Ra5+ Kf6
71.f4 Rc1  1/2-1/2

[Event "Chigorin Mem Open"]
[Site "St Petersburg RUS"]
[Date "2001.10.01"]
[Round "7"]
[White "Weetik,V"]
[Black "Kochyev,A"]
[Result "1/2-1/2"]
[WhiteElo "2290"]
[BlackElo "2412"]

1.d4 Nf6 2.Nf3 e6 3.c4 b6 4.Nc3 Bb7 5.a3 Ne4 6.Qc2 Nxc3 7.bxc3 Nc6 8.e4 Na5
9.Bd3 Ba6 10.Nd2 d6 11.O-O e5 12.f4 exf4 13.e5 dxe5 14.Nf3 Bd6 15.Nxe5 Bxe5
16.Re1 O-O 17.Rxe5 h6 18.Bxf4 Bxc4 19.Bh7+ Kh8 20.Be4 f6 21.Rh5 Bf7 22.Rh3 Be6
23.Rg3 Bb3 24.Qd3 Rf7 25.Bxa8 Qxa8 26.Re1 Qf8 27.Rge3 Ba4 28.d5 g5 29.Bg3 Kg7
30.Qd4 Qxa3 31.d6 Nc6 32.Qd5 cxd6 33.Bxd6 Qb3 34.c4 Qb2 35.Ra3 Nb4 36.Bxb4 Qxb4
37.Rea1 b5 38.cxb5 Qxb5 39.Qd4 Bc2 40.Rxa7 Bg6 41.R7a6 Qd3 42.Qf2 Qc2  1/2-1/2

[Event "Chigorin Mem Open"]
[Site "St Petersburg RUS"]
[Date "2001.10.02"]
[Round "8"]
[White "Zakharevich,I"]
[Black "Korotylev,A"]
[Result "1-0"]
[WhiteElo "2456"]
[BlackElo "2577"]

1.d4 Nf6 2.c4 e6 3.Nf3 b6 4.Nc3 Bb4 5.Bg5 Bb7 6.e3 h6 7.Bh4 Bxc3+ 8.bxc3 d6
9.Nd2 g5 10.Bg3 Qe7 11.c5 dxc5 12.Bb5+ Nbd7 13.O-O O-O-O 14.Qa4 Kb8 15.Bc6 Nd5
16.Rfc1 f5 17.Nc4 f4 18.Rab1 Bxc6 19.Qxc6 Kc8 20.Qa8+ Nb8 21.e4 fxg3 22.exd5 gxf2+
23.Kxf2 exd5 24.Ne5 Rhe8 25.Kg1 Qd6 26.Nf7 Qc6 27.Qxa7 Rd7 28.Ne5 Rxe5 29.dxe5 c4
30.Qa3 Kb7 31.Rf1 Qg6 32.Rbe1 Nc6 33.e6 Re7 34.Rf8  1-0

[Event "Chigorin Mem Open"]
[Site "St Petersburg RUS"]
[Date "2001.10.03"]
[Round "9"]
[White "Zakharchenko,A"]
[Black "Smirnov,Ar"]
[Result "1/2-1/2"]
[WhiteElo "2402"]
[BlackElo "2283"]

1.d4 Nf6 2.c4 e6 3.Nf3 b6 4.Nc3 Bb4 5.e3 Bb7 6.Bd3 Ne4 7.O-O Bxc3 8.bxc3 f5
9.Nd2 Nxd2 10.Bxd2 O-O 11.f4 Qe8 12.Rb1 Qg6 13.Rf2 d6 14.c5 dxc5 15.dxc5 Nd7
16.cxb6 axb6 17.Rb2 Nc5 18.Bc2 Rfd8 19.Qf1 Rd6 20.c4 Qf6 21.Qc1 Rad8 22.Bb4 Na6
23.Rd2 Rxd2 24.Bxd2 Rd6 25.Bb1 Nc5 26.Bc3 Qg6 27.Rd2 Rd7 28.Bd4 Qg4 29.Qe1 Rd6
30.h3 Qg6 31.Bxc5 bxc5 32.g4 Qf6 33.Rxd6 cxd6 34.Qa5 h6 35.Qb6 Qe7 36.Kf1 g6
37.a4 fxg4 38.hxg4 Bf3 39.g5 e5 40.fxe5 Qxe5 41.Qd8+ Kg7 42.Qd7+ Kf8 43.Qd8+  1/2-1/2

[Event "ch-SLO"]
[Site "Grize SLO"]
[Date "2001.10.04"]
[Round "4"]
[White "Sirnik,B"]
[Black "Spelec,D"]
[Result "1-0"]
[WhiteElo "2156"]
[BlackElo "2158"]

1.d4 Nf6 2.Nf3 e6 3.c4 b6 4.Nc3 Bb4 5.Qb3 Bxc3+ 6.Qxc3 Bb7 7.Bg5 h6 8.Bh4 g5
9.Bg3 Ne4 10.Qc2 d6 11.e3 Nd7 12.O-O-O f5 13.Nd2 Nxd2 14.Rxd2 Qf6 15.f3 h5
16.h4 g4 17.Bf4 Rg8 18.Bg5 Rxg5 19.hxg5 Qxg5 20.fxg4 fxg4 21.Qh7 O-O-O 22.Qxh5 Qxe3
23.Qxg4 Rf8 24.Qe2 Qg5 25.Qxe6 Kd8 26.Bd3 Rf2 27.Rh8+ Nf8 28.Qh6  1-0

[Event "FSGM October"]
[Site "Budapest HUN"]
[Date "2001.10.07"]
[Round "2"]
[White "Horvath,P1"]
[Black "Spassov,L"]
[Result "1-0"]
[WhiteElo "2441"]
[BlackElo "2386"]

1.d4 Nf6 2.c4 e6 3.Nf3 b6 4.Nc3 Bb4 5.Bg5 Bb7 6.e3 h6 7.Bh4 Bxc3+ 8.bxc3 Qe7
9.Nd2 d6 10.f3 Nbd7 11.Qa4 c5 12.e4 e5 13.Bd3 cxd4 14.cxd4 O-O 15.O-O exd4
16.Qd1 Nc5 17.Nb3 Nxb3 18.axb3 Qe5 19.Bc2 Nh5 20.Kh1 Nf4 21.Bg3 Qf6 22.Qd2 d3
23.Bxd3 Nxd3 24.Qxd3 Rfd8 25.Rfd1 Qe6 26.Ra2 Rd7 27.h3 Bc6 28.Rad2 Rad8 29.Qc3 f6
30.Rd4 Kf7 31.Qd3 Ke7 32.b4 a6 33.b5 axb5 34.cxb5 Bb7 35.Qa3 Ba8 36.Kh2 Bb7
37.Qb4 Ba8 38.R1d2 Bb7 39.R2d3 Ba8 40.Rd1 Bb7 41.Kg1 Ba8 42.R4d3 Bb7 43.Bf2 Rc8
44.Bxb6 Rc4 45.Qa3 Rc2 46.Bf2 Qe5 47.b6 Bc6 48.R1d2 Rxd2 49.Rxd2 Bb7 50.Qb3 Qe6
51.Qb2 Qe5 52.Qc1 Qf4 53.Qe1 Qe5 54.Qc1 Qf4 55.Qc3 Qe5 56.Bd4 Qb5 57.Kh2 Qa4
58.Bf2 Qb5 59.Qa3 Qc4 60.Bg3 Qe6 61.Qb4 Rd8 62.Rd1 Rd7 63.Kg1 Rd8 64.Rd2 Rd7
65.Rc2 Kd8 66.Qa3 Ke7 67.Kh2 Kd8 68.Qa7 Qb3 69.Qb8+ Ke7 70.Bxd6+ Rxd6 71.Rc7+  1-0

[Event "4th WCh U20 Team"]
[Site "Rio de Janeiro BRA"]
[Date "2001.10.14"]
[Round "5"]
[White "Bastys,R"]
[Black "Pinheiro,I"]
[Result "1-0"]
[WhiteElo "2269"]
[BlackElo "2151"]

1.d4 Nf6 2.Nf3 e6 3.c4 b6 4.Nc3 Bb4 5.Bg5 Bb7 6.e3 h6 7.Bh4 Bxc3+ 8.bxc3 d6
9.Bd3 Nbd7 10.O-O Qe7 11.Nd2 c5 12.f3 O-O 13.Re1 Rfe8 14.e4 cxd4 15.cxd4 e5
16.Nf1 Qf8 17.Ne3 Rac8 18.Bf1 g6 19.Qd2 Rc7 20.Rad1 Rec8 21.Qb2 Nh5 22.Rd2 Nf4
23.Red1 Qe8 24.Ng4 h5 25.Nf6+ Nxf6 26.Bxf6 exd4 27.Rxd4 Rc6 28.Qd2 g5 29.Bxg5 Ng6
30.Bf6 Qf8 31.Rxd6 Rxd6 32.Qxd6 Qh6 33.Qd2 Qf8 34.Qg5 Rc5 35.e5 Rc8 36.Qxh5 Qc5+
37.Kh1 Kf8 38.Qh6+ Ke8 39.e6 Qf8 40.exf7+ Kxf7 41.Qg7+ Ke6 42.Bb2  1-0

[Event "6th Wichern Open"]
[Site "Hamburg GER"]
[Date "2001.10.17"]
[Round "5"]
[White "Bischoff,K"]
[Black "Lauber,A"]
[Result "1/2-1/2"]
[WhiteElo "2541"]
[BlackElo "2424"]

1.d4 Nf6 2.c4 e6 3.Nf3 b6 4.Nc3 Bb4 5.e3 Bb7 6.Bd3 Ne4 7.Qc2 f5 8.O-O Bxc3
9.bxc3 O-O 10.Nd2 Nxd2 11.Bxd2 Qh4 12.f3 Nc6 13.Rfb1 Rab8 14.Be1 Qh6 15.Qe2 e5
16.Bd2 Qg6 17.c5 bxc5 18.dxc5 e4 19.Bc4+ Kh8 20.f4 Qf6 21.Bd5 Qe7 22.Bxc6 Bxc6
23.Qc4 Qe6  1/2-1/2

[Event "TCh-CZE 2001-2"]
[Site "CZE"]
[Date "2001.10.21"]
[Round "2"]
[White "Obsivac,J"]
[Black "Jaworski,Mi"]
[Result "1-0"]
[WhiteElo "2348"]
[BlackElo "2381"]

1.d4 Nf6 2.Nf3 e6 3.c4 b6 4.Nc3 Bb7 5.Bg5 Bb4 6.Qb3 c5 7.a3 Bxc3+ 8.Qxc3 a5
9.e3 d6 10.Bd3 Nbd7 11.O-O O-O 12.Nd2 h6 13.Bh4 Rc8 14.Rac1 d5 15.Qb3 Bc6
16.Qd1 Re8 17.Re1 cxd4 18.exd4 Nf8 19.Rc3 Ng6 20.Bxg6 fxg6 21.c5 bxc5 22.Rxc5 g5
23.Bg3 a4 24.b4 axb3 25.Qxb3 Nd7 26.Rc3 Qb6 27.Qxb6 Nxb6 28.h3 Ba4 29.Rxc8 Nxc8
30.Rb1 Ne7 31.Nf3 Nc6 32.Rb6 Rc8 33.Rb7 Bd1 34.Ne1 Nxd4 35.Be5 Nc6 36.Rxg7+ Kf8
37.Bf6 Re8 38.Rc7 Ne7 39.Nd3 Kf7 40.Bd4 Rc8 41.Rb7 Ke8 42.Bf6 Ng8 43.Bg7 h5
44.Ne5 Ne7 45.Bf6 Nc6 46.Nf7  1-0

[Event "WYB14"]
[Site "Oropesa del Mar ESP"]
[Date "2001.10.24"]
[Round "4"]
[White "Esenov,A"]
[Black "Batchuluun,C"]
[Result "1/2-1/2"]
[WhiteElo "2107"]
[BlackElo "2289"]

1.d4 Nf6 2.c4 e6 3.Nf3 b6 4.Nc3 Bb7 5.e3 Bb4 6.Bd3 O-O 7.O-O c5 8.a3 Bxc3
9.bxc3 d6 10.Re1 Nc6 11.e4 e5 12.d5 Na5 13.Qc2 Ba6 14.Qa2 Nh5 15.a4 h6 16.g3 Bc8
17.Nd2 Qf6 18.Nf1 Bh3 19.Ne3 g6 20.Be2 Kh7 21.Ng4 Bxg4 22.Bxg4 Ng7 23.Be2 g5
24.Qc2 Qg6 25.Bd3 Rg8 26.Kh1 Nh5 27.f3 Kh8 28.Rf1 Rg7 29.Ra2 Kg8 30.Qd1 f6
31.Raf2 Rf7 32.Qc2 Kg7 33.Qd1 Kh7 34.Qc2 Kg7 35.Qd1 Nb7 36.Qc2 Na5  1/2-1/2

[Event "Open"]
[Site "Le Touquet FRA"]
[Date "2001.10.27"]
[Round "?"]
[White "Depoorter,E"]
[Black "Giffard,N"]
[Result "0-1"]
[WhiteElo "2035"]
[BlackElo "2334"]

1.d4 Nf6 2.c4 e6 3.Nf3 b6 4.Nc3 Bb4 5.Bg5 Bxc3+ 6.bxc3 Bb7 7.Qc2 d6 8.e3 h6
9.Bh4 g5 10.Bg3 Ne4 11.Bd3 Nxg3 12.hxg3 g4 13.Nh4 Qg5 14.e4 Nc6 15.Rb1 a6
16.Qa4 O-O 17.Qc2 Kg7 18.Qd2 Rh8 19.f4 gxf3 20.gxf3 Rag8 21.Ke2 Kf8 22.Qxg5 Rxg5
23.Kf2 Ra5 24.Rb2 Ra3 25.Rc2 Nxd4 26.cxd4 Rxd3 27.d5 Kg7 28.Ng2 e5 29.Ne3 Bc8
30.Rh5 Bd7 31.Ke2 Ra3 32.f4 f6 33.f5 Ba4 34.Rd2 b5 35.Kf2 b4 36.Rh4 h5 37.Rh1 Rc3
38.Re2 a5 39.Rb1 h4 40.Kg2 hxg3 41.Kxg3 Bc2  0-1

[Event "Chigorin Mem Open"]
[Site "St Petersburg RUS"]
[Date "2001.10.28"]
[Round "3"]
[White "Dribinsky,B"]
[Black "Grishanovich,S"]
[Result "0-1"]
[WhiteElo "2097"]
[BlackElo "2319"]

1.d4 e6 2.Nf3 Nf6 3.c4 b6 4.Nc3 Bb7 5.Bg5 Be7 6.e3 Ne4 7.Bxe7 Qxe7 8.Bd3 Nxc3
9.bxc3 d6 10.O-O Nd7 11.Qe2 e5 12.e4 O-O 13.Nd2 Rae8 14.Rae1 Qf6 15.Qg4 Re7
16.Nb3 Rfe8 17.f4 exf4 18.Rxf4 Qh6 19.Ref1 Nf6 20.Qf5 Bxe4 21.Bxe4 Rxe4 22.Rxe4 Rxe4
23.Qc8+ Re8 24.Qxc7 Qe3+ 25.Rf2 Ng4 26.Qxf7+ Kh8 27.Qf3 Nxf2 28.Qxe3 Rxe3
29.Kxf2 Rxc3  0-1

[Event "TSGM October"]
[Site "Belgrade YUG"]
[Date "2001.10.30"]
[Round "11"]
[White "Lopez Martinez,J"]
[Black "Prelevic,D"]
[Result "1-0"]
[WhiteElo "2474"]
[BlackElo "2358"]

1.d4 Nf6 2.Nf3 e6 3.c4 b6 4.Nc3 Bb7 5.a3 d5 6.Bg5 Be7 7.e3 O-O 8.Rc1 Nbd7
9.cxd5 exd5 10.Bd3 c5 11.O-O a6 12.dxc5 Nxc5 13.Bb1 a5 14.Nd4 Nfe4 15.Bf4 Bf6
16.Nce2 a4 17.Re1 Qd7 18.Ng3 g6 19.Bh6 Rfd8 20.Qf3 Be5 21.Rcd1 Qe7 22.Ba2 Nxg3
23.hxg3 Ne4 24.Bf4 Bf6 25.g4 Rac8 26.Qe2 Rc5 27.Bb1 Nd6 28.Bxd6 Qxd6 29.Bd3 Bc6
30.Bb1 Bd7 31.Rd2 Qe5 32.Nf3 Qc7 33.g5 Be7 34.Red1 Be6 35.Ba2 Rc1 36.Qe1 Rc5
37.Rd4 b5 38.R4d2 Qb8 39.Qe2 b4 40.axb4 Qxb4 41.Rd4 Qa5 42.e4 dxe4 43.Rxd8+ Bxd8
44.Qxe4 Qb6 45.Bxe6 fxe6 46.Qxa4 Be7 47.Qe8+ Bf8 48.Rd7 Rf5 49.Nd4 Rf4 50.g3  1-0

[Event "Chigorin Mem Open"]
[Site "St Petersburg RUS"]
[Date "2001.10.30"]
[Round "5"]
[White "Bocharov,D"]
[Black "Sorokin,M"]
[Result "1/2-1/2"]
[WhiteElo "2425"]
[BlackElo "2554"]

1.d4 Nf6 2.Nf3 e6 3.c4 b6 4.Nc3 Bb7 5.a3 d5 6.cxd5 Nxd5 7.Bd2 g6 8.e4 Nxc3
9.Bxc3 Bg7 10.Qc2 O-O 11.O-O-O Nd7 12.h4 Nf6 13.Bd3 c5 14.d5 exd5 15.exd5 c4
16.Be4 Re8 17.Ng5 Qd7 18.Bf3 h5 19.Kb1 Rad8 20.Ne6 fxe6 21.dxe6 Qe7 22.Bxf6 Qxf6
23.Bxb7  1/2-1/2